The sound of coaches /
Enregistré dans:
| Auteur principal: | |
|---|---|
| Format: | Sách giấy |
| Langue: | English |
| Publié: |
New York :
Viking Press,
1974.
|
| Tags: |
Ajouter un tag
Pas de tags, Soyez le premier à ajouter un tag!
|
| Thư viện lưu trữ: | Thư viện Trường Đại học Đà Lạt |
|---|
| LEADER | 00623nam a2200265 4500 | ||
|---|---|---|---|
| 001 | DLU100110554 | ||
| 005 | ##20100810 | ||
| 040 | # | # | |a DLU |b vie |
| 041 | # | # | |a eng |
| 044 | # | # | |a us |
| 082 | # | # | |a 823 |b GA-L |
| 100 | # | # | |a Garfield, Leon. |
| 245 | # | # | |a The sound of coaches / |c Leon Garfield; with engravings by John Lawrence. |
| 260 | # | # | |a New York : |b Viking Press, |c 1974. |
| 300 | # | # | |a 216 p. ; |c 22 cm. |
| 923 | # | # | |a 100/2010 |
| 992 | # | # | |a 0 |
| 994 | # | # | |a DLU |
| 900 | # | # | |a True |
| 911 | # | # | |a Lý Thị Hồng Hạnh |
| 925 | # | # | |a G |
| 926 | # | # | |a A |
| 927 | # | # | |a SH |
| 980 | # | # | |a Thư viện Trường Đại học Đà Lạt |